Normal view MARC view

Entry Nome pessoal

Number of records used in: 1

001 - NÚMERO DE CONTROLE

  • campo de controle: 715

003 - IDENTIFICADOR DO NÚMERO DE CONTROLE

  • campo de controle: Br

005 - DATA E HORÁRIO DA ÚLTIMA TRANSAÇÃO

  • campo de controle: 20250331093621.0

008 - CAMPO DE DADOS FIXOS

  • campo de controle de tamanho fixo: 980702|| acnnnaab| aaaa d

035 ## - NÚMERO DE CONTROLE DO SISTEMA

  • Número de Controle do Sistema: 98070216272033E19

040 ## - FONTE DA CATALOGAÇÃO

  • Instituição da catalogação original: Br
  • Instituição que transcreveu o registro: Br
  • Convenções de cabeçalho de assunto/tesauros: Br

100 1# - CABEÇALHO--NOME PESSOAL

  • Nome pessoal: Nejar, Carlos,
  • Datas associadas ao nome: 1939-

400 1# - REMISSIVA VER--NOME PESSOAL

  • Nome pessoal: Nejar, Luíz Carlos Verzoni
  • Datas associadas ao nome: 1939-

400 ## - REMISSIVA VER--NOME PESSOAL

  • Nome pessoal: Verzoni Nejar, Luíz Carlos
  • Datas associadas ao nome: 1939-

670 ## - FONTE POSITIVA DOS DADOS

  • Citação da fonte positiva dos dados: Autor de: Sélesis. 1960.

670 ## - FONTE POSITIVA DOS DADOS

  • Citação da fonte positiva dos dados: Dic. Lit. Bras. p. 477
  • Dados encontrados na fonte localizada no subcampo: (n.c. ; d.n. 1939)

670 ## - FONTE POSITIVA DOS DADOS

  • Citação da fonte positiva dos dados: Em: "Autores gaúchos, 1988
  • Dados encontrados na fonte localizada no subcampo: "(n.c.)

670 ## - FONTE POSITIVA DOS DADOS

  • Citação da fonte positiva dos dados: https://pt.wikipedia.org/wiki/Carlos_Nejar
  • Dados encontrados na fonte localizada no subcampo: (nasceu em Porto Alegre, 11/01/1939 ; poeta, ficcionista, tradutor e crítico literário brasileiro, membro da Academia Brasileira de Letras e da Academia Brasileira de Filosofia)

675 ## - FONTE NEGATIVA DOS DADOS

  • Citação da fonte positiva dos dados: Indice

Powered by Koha